000 00619nam a2200229Ia 4500
003 OSt
005 20220924114958.0
006 a|||||r|||| 00| 0
007 ta
008 220923b |||||||| |||| 00| 0 urd d
024 _a315612
037 _cTextual
040 _aARTS
_cARTS
_burd
041 _2urd
_aurd
082 _aO168,1NWA11x, M2
100 _aFayaz Hashmi
_9176327
245 0 _aSatah-e-aaina
260 _aCalcutta
_bMaghribi Bangal Urdu Acadmey India
_c1982
650 _aURDU POETRY
942 _hO168,1NWA11x, M2
_cTEXL
_2CC
999 _c396244
_d396244